LEADER 00750nam0-22002891i-450- 001 990007063300403321 005 20020315 035 $a000706330 035 $aFED01000706330 035 $a(Aleph)000706330FED01 035 $a000706330 100 $a20020315d1963----km-y0itay50------ba 101 0 $afre 102 $aFR 105 $ay-------001yy 200 1 $a<>Église et les laics$fJean Guitton 210 $aParis$cDesclée de Brouwer$dc1963 215 $a198 p.$d24 cm 676 $a262.15$v20$zita 700 1$aGuitton,$bJean$0155129 801 0$aIT$bUNINA$gRICA$2UNIMARC 901 $aBK 912 $a990007063300403321 952 $aIII N 48$b74477$fFGBC 959 $aFGBC 996 $aÉglise et les laics$9706011 997 $aUNINA